| 000 | 00434nam a2200193Ia 4500 | ||
|---|---|---|---|
| 003 | GCL | ||
| 008 | 140319s9999 xx 000 0 eng d | ||
| 040 |
_aGCL / _cGCL |
||
| 082 | 0 | 4 |
_aP _b050 _bL L |
| 100 | 1 | _aJAPAN ECHO | |
| 245 | 1 | 0 |
_aJAPAN ECHO / _cJAPAN ECHO |
| 260 |
_a[S.N] : _bJAOAN ACHO |
||
| 300 | _a18 | ||
| 650 | 0 | 4 | _aSPORTS |
| 650 | 0 | 4 | _aDOCUMENTS |
| 650 | 0 | 4 | _aSOCIAL SCIENCE |
| 650 | 0 | 4 | _aECONOMIC |
| 942 |
_2ddc _cCR |
||
| 999 |
_c25807 _d25807 |
||